Statistics for Codes and Ciphers Quiz

Click here to take the quiz!

General Stats

  • This quiz has been taken 50 times
  • The average score is 5 of 17

Answer Stats

% Correct
Morse code
85%
Binary code
79%
a {famously} {difficult}
52%
Pig latin
48%
Hexadecimal code
33%
Base64
24%
To {4Chan}
21%
In {2012}?
18%
{puzzle}
18%
Caeser shift (I)
12%
the {name} of
12%
the {organisation}
12%
{What} is
12%
Navajo code
9%
Reverse cipher
9%
that {uploaded}
9%
Cicada 3301
6%

Score Distribution

Percentile by Number Answered

Percent of People with Each Score

Your Score History

You have not taken this quiz